[Event "ARA Cto de Aragon por Equipos Division de Honor Global"]
[Site "Aragon"]
[Date "2021.05.08"]
[Round "7.1"]
[White "Forcen Esteban, Daniel"]
[Black "Cifuentes Parada, Roberto"]
[Result "1/2-1/2"]
[WhiteElo "2558"]
[BlackElo "2429"]
[PlyCount "0"]
[WhiteTeam "Jaime Casas"]
[BlackTeam "Jaque Pirenauto"]
[EventDate "2021.03.13"]

1. e4 c5 2. Nf3 e6 3. c3 d5 4. exd5 Qxd5 5. d4 Nf6 6. Be3 cxd4 7. cxd4 Bb4+ 8.
Nc3 O-O 9. Bd3 b6 10. O-O Bxc3 11. bxc3 Ba6 12. Bxa6 Nxa6 13. Ne5 Rac8 14. c4
Qb7 15. Re1 Nb8 16. Rc1 Nbd7 17. Nxd7 Nxd7 18. h3 e5 19. dxe5 Nxe5 20. Bxb6
Nf3+ 21. gxf3 axb6 22. Re4 Rfd8 23. Qe2 Qd7 24. Kg2 h5 25. Re5 g6 26. Re1 Qd4
27. Re4 Qf6 28. Qe3 Rc5 29. h4 Rdc8 30. Qh6 Qd8 31. Qf4 Rf5 32. Qe3 Kh7 33. Rd4
Qf6 34. Qd3 Ra8 35. Re2 Rfa5 36. Kg3 Ra3 37. Qe4 Rxa2 38. Rxa2 Rxa2 39. Rd7 Kg7
40. Qd5 Ra5 41. Qd4 Qxd4 42. Rxd4 Rc5 1/2-1/2

[Event "ARA Cto de Aragon por Equipos Division de Honor Global"]
[Site "Aragon"]
[Date "2021.05.08"]
[Round "7.3"]
[White "Ramiro Ovejero, Juan Luis"]
[Black "Ereza Vizcarra, Fernando"]
[Result "1-0"]
[WhiteElo "2345"]
[BlackElo "2103"]
[PlyCount "0"]
[WhiteTeam "Jaime Casas"]
[BlackTeam "Jaque Pirenauto"]
[EventDate "2021.03.13"]

1. e4 c5 2. Nf3 e6 3. c3 d5 4. exd5 Qxd5 5. d4 Nf6 6. Na3 Nc6 7. Be3 cxd4 8.
Nb5 Qd8 9. Nbxd4 Nd5 10. Nxc6 bxc6 11. Bd4 c5 12. Bb5+ Bd7 13. Bxd7+ Qxd7 14.
Be3 Bd6 15. Qe2 O-O 16. Rd1 Qc7 17. O-O Rfd8 18. g3 a5 19. Nd2 a4 20. Nc4 a3
21. Bg5 Be7 22. Bxe7 Qxe7 23. Nxa3 Nxc3 24. Rxd8+ Qxd8 25. Qc4 Qd2 26. bxc3
Rxa3 27. Rb1 g6 28. Qxc5 Rxc3 29. Rb8+ Kg7 30. Qf8+ Kf6 31. Qh8+ Kg5 32. Rb5+
f5 33. Rb1 Rc1+ 34. Rxc1 Qxc1+ 35. Kg2 Qc6+ 36. Kh3 Qa6 37. f4+ Kh6 38. Kh4 Qd6
39. Qf6 Qc5 40. a4 Qb4 41. a5 e5 42. a6 exf4 43. Qg5+ Kg7 44. Qxf4 Qc5 45. Qa4
f4 46. Qd7+ Kh6 47. Qg4 g5+ 48. Kh3 Qc4 49. gxf4 Qf1+ 50. Qg2 Qxf4 51. Qc6+ Kh5
52. Qe8+ Kh6 53. Qe6+ Kg7 54. Kg2 Qd2+ 55. Kf3 h5 56. Ke4 Qe2+ 57. Kd5 Qb5+ 58.
Kd4 Qb4+ 59. Qc4 Qd6+ 60. Kc3 Kg6 61. Qd3+ 1-0

[Event "ARA Cto de Aragon por Equipos Division de Honor Global"]
[Site "Aragon"]
[Date "2021.05.08"]
[Round "7.4"]
[White "Buisac Anadon, Pablo"]
[Black "Fontana Sotomayor, Luis Javier"]
[Result "1/2-1/2"]
[WhiteElo "2064"]
[BlackElo "2271"]
[PlyCount "0"]
[WhiteTeam "Jaque Pirenauto"]
[BlackTeam "Jaime Casas"]
[EventDate "2021.03.13"]

1. d4 e6 2. Nf3 d5 3. g3 f5 4. Bg2 c6 5. O-O Nf6 6. c4 Bd6 7. b3 Qe7 8. Ne5 O-O
9. Qc2 Bd7 10. Nd2 Be8 11. Ndf3 Ne4 12. c5 Bc7 13. Ne1 h6 14. N1d3 g5 15. Rb1
Nd7 16. b4 Qg7 17. f4 Nxe5 18. Nxe5 Rd8 19. Be3 Bxe5 20. dxe5 gxf4 21. gxf4 Kh8
22. Kh1 d4 23. Rbd1 Rg8 24. Bxe4 fxe4 25. Rg1 Bg6 26. Rxd4 Rxd4 27. Bxd4 e3 28.
f5 Bxf5 29. Rxg7 Rxg7 30. Qxf5 exf5 31. e6 Kg8 32. Bxg7 Kxg7 33. Kg2 Kf6 34.
Kf3 Kxe6 35. Kxe3 Ke5 36. Kf3 a5 37. a3 axb4 38. axb4 f4 39. e3 fxe3 40. Kxe3
Kd5 41. Kd3 h5 42. h4 Ke5 1/2-1/2

[Event "ARA Cto de Aragon por Equipos Division de Honor Global"]
[Site "Aragon"]
[Date "2021.05.08"]
[Round "7.5"]
[White "Adla, Diego"]
[Black "Arrieta Restrepo, Steven"]
[Result "1-0"]
[WhiteElo "2425"]
[BlackElo "2052"]
[PlyCount "0"]
[WhiteTeam "MyInvestor Casablanca"]
[BlackTeam "Monzon"]
[EventDate "2021.03.13"]

1. Nf3 Nf6 2. c4 e6 3. g3 b6 4. Bg2 Bb7 5. O-O c5 6. Nc3 Be7 7. Re1 d6 8. e4
O-O 9. d4 cxd4 10. Nxd4 Qc8 11. Be3 Nc6 12. Rc1 Rd8 13. Nd5 Qd7 14. Nxe7+ Qxe7
15. Nb5 Rd7 16. b3 h6 17. h3 Rc8 18. f4 Qd8 19. Kh2 a6 20. Nc3 d5 21. cxd5 exd5
22. Nxd5 Nxd5 23. exd5 Nb4 24. Rxc8 Qxc8 25. Bd4 f5 26. Qh5 Rf7 27. Qg6 Qf8 28.
Qe6 Kh7 29. Re2 b5 30. Bc5 1-0

[Event "ARA Cto de Aragon por Equipos Division de Honor Global"]
[Site "Aragon"]
[Date "2021.05.08"]
[Round "7.6"]
[White "Barranco Mananet, Fernando"]
[Black "Glavina, Pablo"]
[Result "0-1"]
[WhiteElo "1969"]
[BlackElo "2410"]
[PlyCount "0"]
[WhiteTeam "Monzon"]
[BlackTeam "MyInvestor Casablanca"]
[EventDate "2021.03.13"]

1. e4 e5 2. Nf3 Nc6 3. Nc3 g6 4. d4 exd4 5. Nxd4 Bg7 6. Nxc6 bxc6 7. Bd3 Nf6 8.
O-O O-O 9. Bg5 h6 10. Bh4 Qe7 11. Rb1 Qc5 12. Qf3 g5 13. Bg3 d6 14. Na4 Qd4 15.
b3 Bg4 16. Qe3 Qxe3 17. fxe3 Rfe8 18. e5 Nh5 19. exd6 Nxg3 20. hxg3 cxd6 21.
Kf2 Re6 22. c3 Rae8 23. Rbe1 Be5 24. e4 Rf6+ 25. Kg1 Rxf1+ 26. Rxf1 Bxg3 27. c4
Be5 28. Kh1 Bd4 29. Rc1 Re5 30. Nc3 h5 31. Rc2 f5 32. Ne2 Bc5 33. exf5 Re3 34.
Nc1 Re1+ 35. Kh2 Bg1+ 0-1

[Event "ARA Cto de Aragon por Equipos Division de Honor Global"]
[Site "Aragon"]
[Date "2021.05.08"]
[Round "7.7"]
[White "Quintin Navarro, Alberto"]
[Black "Garreta Crespo, Blas"]
[Result "1-0"]
[WhiteElo "2394"]
[BlackElo "1767"]
[PlyCount "0"]
[WhiteTeam "MyInvestor Casablanca"]
[BlackTeam "Monzon"]
[EventDate "2021.03.13"]

1. d4 f5 2. g3 e6 3. Bg2 Nf6 4. Nf3 c6 5. O-O d5 6. c4 Bd6 7. Qc2 O-O 8. Nc3 b6
9. Rd1 Bb7 10. cxd5 Nxd5 11. e4 Nxc3 12. bxc3 Kh8 13. Ng5 Qe8 14. Re1 h6 15.
Nf3 Qf7 16. exf5 exf5 17. Ne5 Bxe5 18. dxe5 Na6 19. e6 Qe7 20. Bf4 Nc7 21. Rad1
Nd5 22. Be5 Rad8 23. Qd2 Kh7 24. c4 Nf6 25. Bd6 Rxd6 26. Qxd6 Qe8 27. e7 Rg8
28. Qc7 1-0

[Event "ARA Cto de Aragon por Equipos Division de Honor Global"]
[Site "Aragon"]
[Date "2021.05.08"]
[Round "7.8"]
[White "Buil Solana, Mario"]
[Black "Vela Frago, Alberto"]
[Result "0-1"]
[WhiteElo "1426"]
[BlackElo "2065"]
[PlyCount "0"]
[WhiteTeam "Monzon"]
[BlackTeam "MyInvestor Casablanca"]
[EventDate "2021.03.13"]

1. d4 Nf6 2. Bg5 g6 3. Bxf6 exf6 4. g3 Bg7 5. e3 O-O 6. Bg2 f5 7. Ne2 d6 8. O-O
Nd7 9. c4 c6 10. Nbc3 Nf6 11. Qc2 Rb8 12. Rac1 Bd7 13. Rfd1 a6 14. a3 Qe7 15.
b4 Rfe8 16. d5 Ne4 17. Nxe4 fxe4 18. dxc6 bxc6 19. Qd2 Rbd8 20. Qxd6 Qxd6 21.
Rxd6 Bg4 22. Rxd8 Rxd8 23. Nd4 Bxd4 24. exd4 Rxd4 25. h3 Bd7 26. a4 Kf8 27. b5
axb5 28. cxb5 cxb5 29. axb5 Bxb5 30. Re1 Bc6 31. g4 h6 32. Kh2 Ke7 33. Kg3 Ke6
34. f3 f5 35. gxf5+ gxf5 36. fxe4 Bxe4 37. Bxe4 Rxe4 38. Ra1 Kf6 39. Ra6+ Kg5
40. Ra5 Re3+ 41. Kg2 h5 42. Ra8 Rb3 43. Rg8+ Kf4 44. Ra8 Rb2+ 45. Kg1 Re2 46.
Rh8 Kg3 47. Kf1 Rf2+ 48. Ke1 Rh2 49. Rxh5 f4 50. Kf1 Rh1+ 51. Ke2 f3+ 52. Ke3
Re1+ 53. Kd2 Kf2 54. h4 Re6 55. Rg5 Rd6+ 56. Kc3 Kf1 57. h5 f2 58. Rg8 Rh6 59.
Kd2 Rd6+ 60. Kc3 Rh6 61. Kd2 Rxh5 62. Rg7 Rd5+ 63. Kc3 Ke2 64. Re7+ Kf3 65.
Rf7+ Kg3 66. Rg7+ Kf4 67. Rf7+ Rf5 0-1

[Event "ARA Cto de Aragon por Equipos Division de Honor Global"]
[Site "Aragon"]
[Date "2021.05.08"]
[Round "7.9"]
[White "Garza Marco, Sergio"]
[Black "Aranaz Murillo, Amalia"]
[Result "1-0"]
[WhiteElo "2399"]
[BlackElo "2224"]
[PlyCount "0"]
[WhiteTeam "Helios"]
[BlackTeam "Palacio de Pioneros B"]
[EventDate "2021.03.13"]

1. d4 Nf6 2. c4 b6 3. f3 e6 4. e4 Bb4+ 5. Nc3 c5 6. d5 exd5 7. cxd5 O-O 8. Bd3
d6 9. Nge2 Nbd7 10. a3 Bxc3+ 11. Nxc3 Ne5 12. Be2 a6 13. a4 Bd7 14. O-O Ne8 15.
f4 Ng6 16. Bd3 f5 17. Qc2 Qf6 18. Be3 Nc7 19. a5 fxe4 20. Nxe4 Qe7 21. Rae1 Bf5
22. Nxc5 bxc5 23. Bxf5 Qf6 24. Be6+ Kh8 25. f5 Ne7 26. Qd2 h6 27. b4 cxb4 28.
Bd4 Qg5 29. Qxg5 hxg5 30. f6 gxf6 31. Bxf6+ Rxf6 32. Rxf6 Rb8 33. Ref1 Nexd5
34. Bxd5 Nxd5 35. Rxd6 Ne3 36. Rb1 Nc4 37. Rxa6 b3 38. Rc6 Nxa5 39. Rc5 Ra8 40.
Rxg5 Kh7 41. Rb5 Nc4 42. R5xb3 Nd2 43. Rb7+ Kg6 44. Re1 Nc4 45. Rc7 Ra4 46. h3
Nd2 47. Rc6+ Kf5 48. Rd1 Ne4 49. Rf1+ Kg5 50. Kh2 Rb4 51. Rc8 Rb5 52. Rc4 Nd2
53. Rg4+ Kh6 54. Rf8 Kh7 55. h4 Rc5 56. Rf2 Rd5 57. Kh3 Rd3+ 58. Rg3 Rd4 59.
Rf7+ Kh6 60. Rf6+ Kh7 61. Rf7+ Kh6 62. Rfg7 Rd6 63. Rg8 Kh7 64. R3g7+ Kh6 65.
Re7 Nf1 66. Rf8 Nd2 67. Re3 Nc4 68. Ref3 Kg7 69. Re8 Nd2 70. Rf4 Kh6 71. g3 Kg7
72. Re5 Kh6 73. h5 Rd3 74. Re6+ Kh7 75. Rf7+ Kg8 76. Rc7 Rd8 77. Kg2 Nb3 78.
Ree7 Nd4 79. Rg7+ Kh8 80. Rh7+ Kg8 81. Rcg7+ Kf8 82. h6 1-0

[Event "ARA Cto de Aragon por Equipos Division de Honor Global"]
[Site "Aragon"]
[Date "2021.05.08"]
[Round "7.10"]
[White "Sacristan Latorre, Alberto"]
[Black "Calvo Simon, Jorge"]
[Result "1/2-1/2"]
[WhiteElo "2114"]
[BlackElo "2188"]
[PlyCount "0"]
[WhiteTeam "Palacio de Pioneros B"]
[BlackTeam "Helios"]
[EventDate "2021.03.13"]

1. e4 d6 2. d4 Nf6 3. Nc3 e5 4. Nf3 Nbd7 5. Bc4 Be7 6. O-O O-O 7. a4 c6 8. Ba2
b6 9. Re1 a6 10. Bg5 Rb8 11. dxe5 Nxe5 12. Nxe5 dxe5 13. Qe2 b5 14. axb5 axb5
15. Red1 Qb6 16. Be3 Qc7 17. f3 Kh8 18. Qf2 Nh5 19. Bb3 Nf4 20. Ra7 Rb7 21. Ra8
Rb8 22. Ra7 Rb7 23. Ra8 Rb8 24. Ra7 1/2-1/2

[Event "ARA Cto de Aragon por Equipos Division de Honor Global"]
[Site "Aragon"]
[Date "2021.05.08"]
[Round "7.11"]
[White "Cerrajeria Ruiz, Jesus Maria"]
[Black "Colom Sienes, Eduardo"]
[Result "0-1"]
[WhiteElo "2125"]
[BlackElo "2094"]
[PlyCount "0"]
[WhiteTeam "Helios"]
[BlackTeam "Palacio de Pioneros B"]
[EventDate "2021.03.13"]

1. Nf3 Nf6 2. c4 g6 3. g3 Bg7 4. Bg2 O-O 5. Nc3 d6 6. d3 Nc6 7. O-O e5 8. Ne1
a5 9. Nc2 Nd4 10. Bg5 h6 11. Be3 Ne6 12. Nd5 Ng4 13. Bd2 c6 14. h3 cxd5 15.
hxg4 Nc5 16. g5 hxg5 17. Bxd5 Be6 18. Bg2 f5 19. b3 f4 20. Bc3 d5 21. d4 e4 22.
Qd2 Nd7 23. cxd5 Bxd5 24. Rfc1 Nf6 25. gxf4 Nh5 26. f5 Nf4 27. Ne3 gxf5 28. Bb2
b6 29. Nxd5 Qxd5 30. Rc7 Rf6 31. Rac1 Rh6 32. e3 Nxg2 33. Kxg2 f4 34. Rc8+ Rxc8
35. Rxc8+ Kh7 36. Ba3 f3+ 37. Kg3 Be5+ 38. dxe5 Qxd2 39. Bf8 Qd1 40. Rc7+ Kg8
41. Kg4 Kxf8 42. Kf5 Rc6 0-1

[Event "ARA Cto de Aragon por Equipos Division de Honor Global"]
[Site "Aragon"]
[Date "2021.05.08"]
[Round "7.12"]
[White "Gomez Salinas, Nestor"]
[Black "Lorente Melcon, Maximo"]
[Result "1-0"]
[WhiteElo "2021"]
[BlackElo "1838"]
[PlyCount "0"]
[WhiteTeam "Palacio de Pioneros B"]
[BlackTeam "Helios"]
[EventDate "2021.03.13"]

1. g4 d5 2. Bg2 c5 3. h3 Nc6 4. c4 e6 5. d3 Nge7 6. Bf4 Ng6 7. Bg3 Bd6 8. cxd5
exd5 9. Bxd6 Qxd6 10. Nc3 Be6 11. Qb3 Nf4 12. Bf3 O-O 13. Nb5 Qe5 14. Qc3 d4
15. Qd2 c4 16. Bxc6 bxc6 17. Nf3 Qxb5 18. Qxf4 Qxb2 19. Qxd4 c3 20. O-O Rfd8
21. Qe5 Rd5 22. Qe3 Rb8 23. Nd4 Rd6 24. Qe5 Rbd8 25. Rab1 Qa3 26. Nc2 Qa4 27.
Qxd6 Qa5 28. Rb8 1-0

[Event "ARA Cto de Aragon por Equipos Division de Honor Global"]
[Site "Aragon"]
[Date "2021.05.08"]
[Round "7.13"]
[White "Pellicer Cerezuela, Miguel"]
[Black "Del Rey, Diego"]
[Result "0-1"]
[WhiteElo "2029"]
[BlackElo "2383"]
[PlyCount "0"]
[WhiteTeam "L'Aurora"]
[BlackTeam "El Olivar"]
[EventDate "2021.03.13"]


1. d4 d6 2. Nf3 Nf6 3. e3 g6 4. Be2 Bg7 5. O-O O-O 6. c4 Nbd7 7. Nc3 e5 8. b4
a5 9. b5 Re8 10. a4 b6 11. Ba3 Bb7 12. Rc1 exd4 13. exd4 Nh5 14. Qd2 Ndf6 15.
d5 Ng4 16. h3 Bh6 17. Qc2 Ngf6 18. Rce1 Nf4 19. Bd3 Qd7 20. Rxe8+ Rxe8 21. Re1
Rxe1+ 22. Nxe1 Qe7 23. Nf3 Nxd3 24. Qxd3 Bc8 25. g4 Bg7 26. Nd4 h5 27. f3 Qe1+
28. Kg2 Nd7 29. f4 hxg4 30. hxg4 Nf6 31. f5 Nxg4 0-1

[Event "ARA Cto de Aragon por Equipos Division de Honor Global"]
[Site "Aragon"]
[Date "2021.05.08"]
[Round "7.14"]
[White "Villuendas Valero, Adrian"]
[Black "Pellicer Cemeli, Jose Luis"]
[Result "1/2-1/2"]
[WhiteElo "2249"]
[BlackElo "1972"]
[PlyCount "0"]
[WhiteTeam "El Olivar"]
[BlackTeam "L'Aurora"]
[EventDate "2021.03.13"]

1. e4 c5 2. Nc3 Nc6 3. f4 g6 4. Nf3 Bg7 5. Bb5 Nd4 6. O-O a6 7. Bd3 d6 8. Nxd4
cxd4 9. Ne2 e5 10. Bc4 Nf6 11. d3 O-O 12. Ng3 Ng4 13. h3 exf4 14. Bxf4 Ne5 15.
Bb3 Be6 16. Ne2 Nc6 17. Qd2 Bxb3 18. axb3 Rc8 19. Bg5 f6 20. Bh4 Qb6 21. Ra4
Qc5 22. Bg3 d5 23. exd5 Qxd5 24. Bf2 f5 25. Re1 Rfe8 26. Qf4 Qc5 27. Rc4 Qd5
28. Ra4 Qc5 29. Rc4 Qd5 30. Ra4 1/2-1/2

[Event "ARA Cto de Aragon por Equipos Division de Honor Global"]
[Site "Aragon"]
[Date "2021.05.08"]
[Round "7.15"]
[White "Fuentes Espuna, Juan Antonio"]
[Black "Hernando Garcia, Antonio"]
[Result "0-1"]
[WhiteElo "1977"]
[BlackElo "2097"]
[PlyCount "0"]
[WhiteTeam "L'Aurora"]
[BlackTeam "El Olivar"]
[EventDate "2021.03.13"]

1. d4 d5 2. Nf3 Nf6 3. Bg5 e6 4. e3 Be7 5. Nbd2 Nbd7 6. Bd3 b6 7. O-O Bb7 8. c4
O-O 9. cxd5 exd5 10. Qc2 g6 11. Rac1 Rc8 12. Qa4 a6 13. Ne5 Nxe5 14. dxe5 Nd7
15. Bh6 Re8 16. Qf4 Nc5 17. Be2 Ne6 18. Qg4 Bg5 19. Bxg5 Qxg5 20. f4 Qxg4 21.
Bxg4 c5 22. f5 gxf5 23. Rxf5 Rc7 24. Rcf1 Ree7 25. Rf6 Rc6 26. e4 d4 27. Nc4
Nd8 28. Nd6 Rxe5 29. Nxb7 Rxf6 30. Rxf6 Nxb7 31. Rxb6 Na5 32. b3 Rxe4 33. Bf3
Re1+ 34. Kf2 Ra1 35. a4 Rb1 36. Rxa6 Nxb3 37. Rc6 Rb2+ 38. Ke1 d3 39. Rc8+ Kg7
40. Bd1 Nd4 41. Rxc5 Rxg2 42. a5 Rxh2 43. a6 Ra2 44. Rc4 Nc2+ 45. Bxc2 dxc2 46.
a7 h5 47. Rxc2 Rxa7 48. Kf2 Ra3 49. Rc6 f6 50. Kg2 Kg6 51. Rc8 Kg5 52. Rc4 Ra2+
53. Kg3 h4+ 54. Kh3 Ra3+ 55. Kh2 Rg3 56. Rc8 f5 57. Rg8+ Kf4 58. Rh8 Kg4 59.
Rg8+ Kf3 60. Re8 f4 61. Re7 Kf2 62. Rh7 Rg4 63. Kh3 Rg1 64. Kh2 Rg4 65. Kh3 Rg8
66. Rxh4 f3 67. Kh2 Re8 68. Kh1 Kg3 0-1

[Event "ARA Cto de Aragon por Equipos Division de Honor Global"]
[Site "Aragon"]
[Date "2021.05.08"]
[Round "7.16"]
[White "Hinojar Basa, Alfonso"]
[Black "Lana Rodriguez, David"]
[Result "1/2-1/2"]
[WhiteElo "2163"]
[BlackElo "2361"]
[PlyCount "0"]
[WhiteTeam "Marcos Frechin"]
[BlackTeam "Agrupacion"]
[EventDate "2021.03.13"]

1. e4 c5 2. Nf3 g6 3. d4 cxd4 4. Nxd4 Bg7 5. c4 Nc6 6. Be3 Nf6 7. Nc3 Ng4 8.
Qxg4 Nxd4 9. Qd1 Nc6 10. Qd2 Qa5 11. Rc1 Bxc3 12. Qxc3 Qxc3+ 13. Rxc3 d6 14.
Be2 b6 15. O-O Ne5 16. f3 f6 17. a4 Bd7 18. Ra1 Nc6 19. Rb1 Kf7 20. b4 Rab8 21.
a5 Rhc8 22. axb6 axb6 23. Ra3 Ne5 24. Ra6 Be6 25. Rxb6 Bxc4 26. Bd1 Rxb6 27.
Bxb6 Rb8 28. Bd4 Nd7 29. Bc2 e5 30. Be3 Ke6 31. Kf2 Ra8 32. Bb3 Bxb3 33. Rxb3
f5 34. Ke2 Ra2+ 35. Kf1 Ra8 36. Ke2 Rb8 37. b5 Nf6 38. b6 Rb7 39. Kd3 d5 40.
exd5+ Nxd5 41. g3 Kd6 42. Rb5 Nf6 43. Bg5 Nd7 44. Be3 Kc6 45. Kc4 Rb8 46. Ra5
Nxb6+ 47. Bxb6 Rxb6 48. Rxe5 Rb2 49. Kd4 Kd6 50. Ra5 Rxh2 51. Ra6+ Ke7 52. Ke5
Re2+ 53. Kf4 Kf7 54. g4 fxg4 55. fxg4 h6 56. Ra7+ Re7 57. Ra6 Rb7 58. Ra3 Kf6
59. Ra6+ Kg7 60. Ra3 Rb6 61. Rc3 Kf6 62. Ra3 Rb4+ 63. Kg3 Re4 64. Rb3 g5 65.
Ra3 Rd4 66. Re3 Rd1 67. Kg2 Rd6 68. Kg3 Re6 69. Ra3 Ke5 70. Kf3 Rf6+ 71. Kg3
Rc6 72. Kf3 Kd4 73. Ra4+ Kd3 74. Ra3+ Kd4 75. Ra4+ Ke5 76. Ra5+ Kd4 77. Ra4+
1/2-1/2

[Event "ARA Cto de Aragon por Equipos Division de Honor Global"]
[Site "Aragon"]
[Date "2021.05.08"]
[Round "7.17"]
[White "Remiro Juste, Fernando Jose"]
[Black "Jario Garcia, Ricardo"]
[Result "1-0"]
[WhiteElo "2199"]
[BlackElo "2045"]
[PlyCount "0"]
[WhiteTeam "Agrupacion"]
[BlackTeam "Marcos Frechin"]
[EventDate "2021.03.13"]

1. e4 c5 2. Be2 g6 3. f4 Bg7 4. Nf3 Nc6 5. O-O d6 6. d3 b5 7. Qe1 a5 8. f5 Nf6
9. Kh1 gxf5 10. Nc3 b4 11. Nd5 Nxd5 12. exd5 Ne5 13. Nh4 Bb7 14. d4 Nd7 15.
Nxf5 Bxd4 16. Bg5 Bf6 17. Nxd6+ exd6 18. Rxf6 Qe7 19. Re6 fxe6 20. Bh5+ 1-0

[Event "ARA Cto de Aragon por Equipos Division de Honor Global"]
[Site "Aragon"]
[Date "2021.05.08"]
[Round "7.18"]
[White "Ciriano Lamban, Alejandro"]
[Black "Moreno Martin-Viveros, Alvaro"]
[Result "1-0"]
[WhiteElo "2030"]
[BlackElo "2151"]
[PlyCount "0"]
[WhiteTeam "Marcos Frechin"]
[BlackTeam "Agrupacion"]
[EventDate "2021.03.13"]

1. Nf3 Nf6 2. c4 e6 3. d4 d5 4. g3 Be7 5. Bg2 O-O 6. O-O dxc4 7. Nbd2 c5 8.
Nxc4 Nc6 9. dxc5 Qxd1 10. Rxd1 Bxc5 11. Be3 Bxe3 12. Nxe3 Bd7 13. Nc4 Rad8 14.
Rac1 h6 15. Ne1 Rb8 16. Nd3 Nd8 17. Nde5 Bb5 18. Bf3 Nc6 19. Nxc6 Bxc6 20. Bxc6
bxc6 21. b3 Rfc8 22. Ne5 Rb6 23. Rc4 c5 24. Rdc1 Ra6 25. R1c2 Nd5 26. Nd3 Nb6
27. Rxc5 Rxc5 28. Nxc5 Ra3 29. e4 Kf8 30. Kf1 Ke7 31. Ke1 f5 32. e5 Nd5 33. Nd3
g5 34. Kd2 Ra5 35. a4 Ra6 36. Kc1 Rb6 37. Kb2 Kd7 38. Ka3 Ne7 39. a5 Rc6 40.
Nc5+ Kc8 41. b4 a6 42. Kb3 Kb8 43. Rd2 Ng6 44. Rd6 Nxe5 45. Rxc6 Nxc6 46. Nxa6+
Ka7 47. Nc5 e5 48. Kc4 e4 49. Nb3 Ne5+ 50. Kd5 Nd3 51. b5 Nxf2 52. b6+ Ka8 53.
Kc6 Nd3 54. Kc7 1-0

[Event "ARA Cto de Aragon por Equipos Division de Honor Global"]
[Site "Aragon"]
[Date "2021.05.08"]
[Round "7.19"]
[White "Lacruz Algarate, Alvaro"]
[Black "Moya Gimeno, Raul"]
[Result "1/2-1/2"]
[WhiteElo "2097"]
[BlackElo "1870"]
[PlyCount "0"]
[WhiteTeam "Agrupacion"]
[BlackTeam "Marcos Frechin"]
[EventDate "2021.03.13"]

1. e4 c5 2. Nf3 d6 3. Bb5+ Nd7 4. O-O a6 5. Bxd7+ Bxd7 6. d4 cxd4 7. Qxd4 Rc8
8. c4 e5 9. Qd3 b5 10. Na3 Qb6 11. Be3 Qb7 12. Rfe1 Nf6 13. Bg5 Be7 14. Rad1
O-O 15. Nxe5 dxe5 16. Bxf6 Bxf6 17. Qxd7 Qxd7 18. Rxd7 b4 19. Nb1 Rxc4 20. a3
a5 21. b3 Rc2 22. axb4 axb4 23. Rb7 Rfc8 24. Rxb4 Be7 25. Rc4 R8xc4 26. bxc4
Bc5 27. Rd1 Bxf2+ 28. Kf1 Bd4 29. Nd2 f6 30. Ke2 Kf7 31. Kd3 Rc3+ 32. Ke2 Ke6
33. Rb1 f5 34. exf5+ Kxf5 35. Rb3 Rc1 36. Rb7 e4 37. Nb3 Rc2+ 38. Kd1 Rxc4 39.
Nxd4+ Rxd4+ 40. Ke2 Kf6 41. Rb6+ Kf5 42. Rb7 Kg6 43. Ke3 Ra4 44. Rb2 h5 45. h4
Kf5 46. Rb5+ Kg4 47. Rg5+ Kxh4 48. Rxg7 Ra3+ 49. Kxe4 Rg3 50. Ra7 Rxg2 51. Kf3
Kh3 52. Ra1 Kh2 53. Ra4 Rg3+ 54. Kf2 Rg4 55. Ra5 h4 56. Kf3 Rg3+ 57. Kf2 h3 58.
Ra8 Rg2+ 59. Kf1 Kh1 60. Ra7 h2 61. Ra8 Rg4 62. Rf8 1/2-1/2

[Event "ARA Cto de Aragon por Equipos Division de Honor Global"]
[Site "Aragon"]
[Date "2021.05.08"]
[Round "7.20"]
[White "Ruperez Benito, Antonio"]
[Black "Abril Avellanas, Eduardo"]
[Result "1-0"]
[WhiteElo "2363"]
[BlackElo "2159"]
[PlyCount "0"]
[WhiteTeam "Palacio de Pioneros A"]
[BlackTeam "Atletismo Huesca"]
[EventDate "2021.03.13"]

1. e4 e6 2. b3 c5 3. Bb2 b6 4. Nf3 Bb7 5. Bd3 d6 6. O-O Nd7 7. c3 Ngf6 8. Re1
g6 9. Bc2 Bg7 10. d4 O-O 11. Nbd2 Qc7 12. Bd3 Rfd8 13. Qe2 Rac8 14. a4 Nb8 15.
Rac1 Qe7 16. Ba3 Nc6 17. Ba6 Nh5 18. Bxb7 Qxb7 19. Qe3 Nf6 20. Red1 a6 21. h3
cxd4 22. cxd4 b5 23. Rc2 d5 24. e5 Nd7 25. Rdc1 b4 26. Bb2 Na5 27. Qg5 h6 28.
Qe3 Rxc2 29. Rxc2 Rc8 30. Qd3 Rxc2 31. Qxc2 Qc6 32. Qd3 Qc8 33. Kf1 Nc6 34. Ke2
Nf8 35. Nf1 f5 36. exf6 Bxf6 37. Ne3 Bg7 38. Ng4 Kf7 39. Qd2 h5 40. Qf4+ Ke8
41. Ne3 Nh7 42. Qg3 Kf7 43. Qd6 Bf6 44. h4 Be7 45. Qxc6 1-0

[Event "ARA Cto de Aragon por Equipos Division de Honor Global"]
[Site "Aragon"]
[Date "2021.05.08"]
[Round "7.21"]
[White "Luis Vitalla, Fernando"]
[Black "Palacios Herrero, Pablo"]
[Result "1/2-1/2"]
[WhiteElo "2123"]
[BlackElo "2243"]
[PlyCount "0"]
[WhiteTeam "Atletismo Huesca"]
[BlackTeam "Palacio de Pioneros A"]
[EventDate "2021.03.13"]

1. Nf3 Nf6 2. b3 d5 3. Bb2 c5 4. e3 Nc6 5. Bb5 e6 6. Bxc6+ bxc6 7. Ne5 Qc7 8.
O-O Bd6 9. f4 O-O 10. d3 d4 11. exd4 cxd4 12. Bxd4 c5 13. Bb2 Nd5 14. Nd2 f6
15. Nec4 Bxf4 16. Nf3 Bb7 17. Qe2 Rae8 18. a4 Rf7 19. Rae1 Rfe7 20. Qf2 Nb4 21.
d4 cxd4 22. Bxd4 Bxf3 23. gxf3 Rd7 24. Be3 Rd5 25. Bxf4 Qxf4 26. Re4 Rg5+ 27.
Kh1 Qc7 28. Ne3 Nd5 29. Nxd5 Rxd5 30. Rfe1 e5 31. f4 f5 32. Rxe5 Rdxe5 33. fxe5
Rxe5 34. Rxe5 Qxe5 35. Qxa7 Qe4+ 36. Kg1 Qxc2 37. Qa8+ Kf7 38. Qd5+ Ke7 39. a5
Qc1+ 40. Kf2 Qf4+ 41. Kg2 Qg5+ 42. Kf2 Qf4+ 43. Kg2 Qg5+ 1/2-1/2

[Event "ARA Cto de Aragon por Equipos Division de Honor Global"]
[Site "Aragon"]
[Date "2021.05.08"]
[Round "7.22"]
[White "Romero Pallares, Daniel"]
[Black "Perez Puyal, Jose Joaquin"]
[Result "1-0"]
[WhiteElo "2203"]
[BlackElo "1798"]
[PlyCount "0"]
[WhiteTeam "Palacio de Pioneros A"]
[BlackTeam "Atletismo Huesca"]
[EventDate "2021.03.13"]

1. e4 d5 2. exd5 Qxd5 3. Nc3 Qa5 4. b4 Qxb4 5. Rb1 Qd6 6. d4 e6 7. Bd3 Nf6 8.
Nge2 Qd8 9. O-O Be7 10. Ng3 O-O 11. Nh5 Nbd7 12. Rb3 b6 13. Ne4 Bb7 14. Nexf6+
Nxf6 15. Nxf6+ Bxf6 16. Bxh7+ Kh8 17. Qh5 Qd5 18. Bf5+ 1-0

[Event "ARA Cto de Aragon por Equipos Division de Honor Global"]
[Site "Aragon"]
[Date "2021.05.08"]
[Round "7.23"]
[White "Lanau Broto, Jose Javier"]
[Black "Baquedano Coarasa, Pablo"]
[Result "0-1"]
[WhiteElo "1588"]
[BlackElo "2165"]
[PlyCount "0"]
[WhiteTeam "Atletismo Huesca"]
[BlackTeam "Palacio de Pioneros A"]
[EventDate "2021.03.13"]

1. e4 c5 2. Nf3 d6 3. d4 cxd4 4. c3 d3 5. Bxd3 Nc6 6. O-O g6 7. h3 Bg7 8. Be3
Nf6 9. Qd2 O-O 10. Bh6 a6 11. Kh1 Qc7 12. Nh2 b6 13. Qg5 Ne5 14. Be2 Nxe4 15.
Qh4 d5 16. Nd2 Nxd2 17. Bxd2 Bb7 18. Rae1 Qd7 19. f4 Nc6 20. Bg4 e6 21. Bd1 Qd8
22. Qf2 Ne7 23. Nf3 Nf5 24. g4 Nd6 25. Be3 Ne4 26. Qg1 b5 27. f5 exf5 28. gxf5
Qd6 29. fxg6 fxg6 30. Bf2 d4 31. Bb3+ Kh8 32. Qg4 Rxf3 33. Rxe4 Bxe4 34. Qxe4
Rxh3+ 0-1

[Event "ARA Cto de Aragon por Equipos Division de Honor Global"]
[Site "Aragon"]
[Date "2021.05.08"]
[Round "7.24"]
[White "Llanes Luno, Ricardo"]
[Black "Lopez Gracia, Fernando"]
[Result "1-0"]
[WhiteElo "2199"]
[BlackElo "2299"]
[PlyCount "0"]
[WhiteTeam "Delicias"]
[BlackTeam "Ibercaja"]
[EventDate "2021.03.13"]



1. e4 c5 2. Nc3 d6 3. d4 cxd4 4. Qxd4 Nc6 5. Qd2 g6 6. b3 Bh6 7. f4 f5 8. Bb2 Nf6 
9. O-O-O O-O 10. Bc4+ Kh8 11. g3 Bg7 12.
Nf3 Na5 13. Bd3 b5 14. e5 dxe5 15. Nxe5 Bb7 
16. Nxb5 Bxh1 17. Rxh1 a6 18. Nd4 Qb6 19. Re1 Rfc8 20. Ne6 Rab8 21. Kb1 Rb7 22.
Nxg7 Kxg7 2
3. g4 fxg4 24. f5 Qb4 25. Qe3 Nd5 26. Nxg4+ Nc3+ 27. Bxc3+ Qxc3 28. fxg6 1-0